| 000 | 00664nam a2200217 a 4500 | ||
|---|---|---|---|
| 008 | |||
| 049 | _aMAIN | ||
| 090 | _aQR97.A958 EGO | ||
| 100 | 1 | _aEgoronov, N. S | |
| 245 | 1 | 0 |
_aAntibiotics: _aa scientific approach/ _btranslated from the Russian by Alexander Rosinkin/ _cN. S. Egorov. |
| 260 |
_aMoscow : _bMIR Publishers, _c1985. |
||
| 300 |
_a440p. : _bill, ; _c23cm. |
||
| 504 | _aIncludes bibliographical references. | ||
| 500 | _aIncludes index. | ||
| 650 | 1 | _aAntibiotics | |
| 907 |
_a.b10223617 _b16-01-07 _c16-01-07 |
||
| 003 | |||
| 005 | 20230120203936.0 | ||
| 040 | _cNUST | ||
| 942 |
_cBOOKS _kQR97.A958 EGO |
||
| 999 |
_c114291 _d114291 |
||